<?xml version="1.0" encoding="UTF-8"?>
<record
    xmlns:xsi="http://www.w3.org/2001/XMLSchema-instance"
    xsi:schemaLocation="http://www.loc.gov/MARC21/slim http://www.loc.gov/standards/marcxml/schema/MARC21slim.xsd"
    xmlns="http://www.loc.gov/MARC21/slim">

  <leader>00943na  a2200265   4500</leader>
  <controlfield tag="001">13569</controlfield>
  <controlfield tag="003">MIRAKIL</controlfield>
  <controlfield tag="005">20181213155151.0</controlfield>
  <controlfield tag="008">161102b        tu            000 0      </controlfield>
  <datafield tag="035" ind1=" " ind2=" ">
    <subfield code="a">13569</subfield>
  </datafield>
  <datafield tag="040" ind1=" " ind2=" ">
    <subfield code="a">Milas</subfield>
    <subfield code="b">tur</subfield>
    <subfield code="c">TR-AnCHP</subfield>
  </datafield>
  <datafield tag="082" ind1=" " ind2=" ">
    <subfield code="a">371.91</subfield>
    <subfield code="b">M57a 1997</subfield>
  </datafield>
  <datafield tag="090" ind1=" " ind2=" ">
    <subfield code="a">371.91 M57a 1997</subfield>
  </datafield>
  <datafield tag="111" ind1=" " ind2=" ">
    <subfield code="a">Mitat En&#xE7; &#xD6;zel E&#x11F;itim G&#xFC;nleri</subfield>
    <subfield code="c">Ankara</subfield>
    <subfield code="d">1997</subfield>
    <subfield code="n">5.</subfield>
  </datafield>
  <datafield tag="245" ind1=" " ind2=" ">
    <subfield code="a">Ankara &#xDC;niversitesi 5. Mitat En&#xE7; &#xF6;zel e&#x11F;itim g&#xFC;nleri</subfield>
    <subfield code="c">yay&#x131;na haz&#x131;rlayan; Fikret G&#xF6;k&#xE7;e</subfield>
  </datafield>
  <datafield tag="260" ind1=" " ind2=" ">
    <subfield code="a">Ankara</subfield>
    <subfield code="b">T&#xFC;rkiye Sakatlar Konfederasyonu Yay&#x131;nlar&#x131;</subfield>
    <subfield code="c">1997</subfield>
  </datafield>
  <datafield tag="300" ind1=" " ind2=" ">
    <subfield code="a">180 s.</subfield>
    <subfield code="b">tbl.</subfield>
    <subfield code="c">22 sm.</subfield>
  </datafield>
  <datafield tag="490" ind1=" " ind2=" ">
    <subfield code="a">T&#xFC;rkiye Sakatlar Konfederasyonu yay&#x131;nlar&#x131;</subfield>
    <subfield code="v">4</subfield>
  </datafield>
  <datafield tag="650" ind1=" " ind2=" ">
    <subfield code="a">Fiziksel engelliler</subfield>
    <subfield code="x">E&#x11F;itim</subfield>
    <subfield code="z">T&#xFC;rkiye</subfield>
  </datafield>
  <datafield tag="650" ind1=" " ind2=" ">
    <subfield code="a">&#xD6;zel e&#x11F;itim</subfield>
    <subfield code="x">Toplant&#x131;lar</subfield>
    <subfield code="z">T&#xFC;rkiye</subfield>
  </datafield>
  <datafield tag="650" ind1=" " ind2=" ">
    <subfield code="a">Engelli &#xE7;ocuklar</subfield>
    <subfield code="x">Sosyo ekonomik durum</subfield>
    <subfield code="z">T&#xFC;rkiye</subfield>
  </datafield>
  <datafield tag="651" ind1=" " ind2=" ">
    <subfield code="a">T&#xFC;rkiye</subfield>
    <subfield code="x">Sosyal politikalar</subfield>
    <subfield code="y">Engelliler</subfield>
  </datafield>
  <datafield tag="700" ind1=" " ind2=" ">
    <subfield code="a">G&#xF6;k&#xE7;e, Fikret</subfield>
  </datafield>
  <datafield tag="942" ind1=" " ind2=" ">
    <subfield code="2">ddc</subfield>
    <subfield code="c">BKS</subfield>
  </datafield>
  <datafield tag="952" ind1=" " ind2=" ">
    <subfield code="a">0001</subfield>
    <subfield code="b">0001</subfield>
    <subfield code="d">2016-08-15</subfield>
    <subfield code="e">2</subfield>
    <subfield code="l">0</subfield>
    <subfield code="o">371.91 M57a 1997</subfield>
    <subfield code="p">001021</subfield>
    <subfield code="r">2016-08-15 00:00:00</subfield>
    <subfield code="v">0.00</subfield>
    <subfield code="w">2016-08-15</subfield>
    <subfield code="y">BKS</subfield>
  </datafield>
  <datafield tag="999" ind1=" " ind2=" ">
    <subfield code="c">7856</subfield>
    <subfield code="d">7856</subfield>
  </datafield>
</record>
